Werewolves / Briarcliff Entertainment and The ... Read More
Available copies
- 2 of 2 copies available at LARL/NWRL Consortium. (Show)
- 2 of 2 copies available at Lake Agassiz Regional Library.
Current holds
0 current holds with 2 total copies.
Show Only Available Copies
| Location | Call Number / Copy Notes | Barcode | Shelving Location | Status | Due Date |
|---|---|---|---|---|---|
| Bagley Public Library | DVD WER (Text) | 33500014154512 | Main | Available | - |
| Detroit Lakes Public Library | DVD WER (Text) | 33500014154520 | Main | Available | - |
Record details
- Physical Description: 1 videodisc (94 min.) : sound, color ; 4 3/4 in.
- Publisher: [United States] : Briarcliff Entertainment, [2025]
Content descriptions
| General Note: | This video contains strobing lights. Wide screen (2.39:1). Title from web page. Originally released as a motion picture in 2024. Special features: Deleted scenes. |
| Creation/Production Credits Note: | Original music by The Newton Brothers; edited by ... Read More |
| Participant or Performer Note: | Frank Grillo, Katrina Law, Ilfenesh Hadera. |
| Summary, etc.: | A supermoon event has triggered a latent gene in ... Read More |
| Target Audience Note: | MPAA Rating: R; for violence, some gore, and ... Read More |
| System Details Note: | DVD, region 1; NTSC; wide screen (2.39:1); Dolby ... Read More |
| Language Note: | English dialogue; Spanish subtitles, English SDH. |
Search for related items by subject
| Subject: | Werewolves > Drama. |
| Genre: | Feature films. Video recordings for the hearing impaired. Video recordings for people with visual disabilities. Fantasy films. Action and adventure films. |
| LDR | 03909cgm a22008537i 4500 | ||
|---|---|---|---|
| 001 | 455912 | ||
| 003 | LARL_NWRL_CONSORTIUM | ||
| 005 | 20250327212221.0 | ||
| 008 | 241230s2025 xxu094 e vleng d | ||
| 007 | vd cvaizk | ||
| 040 | . | ‡aTEFMT ‡beng ‡erda ‡cTEFMT ‡dTEF ‡dOCLCO ‡dTH8 | |
| 024 | 1 | . | ‡a191329262924 |
| 028 | 4 | 2. | ‡a1000836737 ‡bBriarcliff Entertainment |
| 035 | . | ‡a(OCoLC)1482414750 | |
| 037 | . | ‡bMidwest Tape ‡nhttp://www.midwesttapes.com | |
| 041 | 1 | . | ‡aeng ‡jspa ‡peng ‡qeng ‡heng |
| 046 | . | ‡k2024 ‡2edtf | |
| 082 | 0 | 4. | ‡a791.43/72 ‡223/eng/20250109 |
| 245 | 0 | 0. | ‡aWerewolves / ‡cBriarcliff Entertainment and The Solution Entertainment Group present ; The Solution Entertainment Group, The Pimenta Film Co., Monty the Dog production ; produced by James Michael Cummings [and six others] ; written by Matthew Kennedy ; directed by Steven C. Miller. |
| 264 | 1. | ‡a[United States] : ‡bBriarcliff Entertainment, ‡c[2025] | |
| 300 | . | ‡a1 videodisc (94 min.) : ‡bsound, color ; ‡c4 3/4 in. | |
| 336 | . | ‡atwo-dimensional moving image ‡btdi ‡2rdacontent | |
| 337 | . | ‡avideo ‡bv ‡2rdamedia | |
| 338 | . | ‡avideodisc ‡bvd ‡2rdacarrier | |
| 340 | . | ‡b4 3/4 in. | |
| 340 | . | ‡gpolychrome ‡2rdacc | |
| 341 | 0 | . | ‡avisual ‡daudioDescription ‡2sapdv |
| 341 | 0 | . | ‡aauditory ‡bcaptions ‡2sapdv |
| 344 | . | ‡adigital ‡2rdatr | |
| 344 | . | ‡boptical ‡2rdarm | |
| 344 | . | ‡gstereo ‡2rdacpc | |
| 344 | . | ‡gsurround ‡2rdacpc | |
| 344 | . | ‡hDolby digital 5.1 | |
| 344 | . | ‡hDolby digital 2.0 | |
| 345 | . | ‡c2.39:1 | |
| 345 | . | ‡dwidescreen ‡2rdaar | |
| 346 | . | ‡bNTSC ‡2rdabs | |
| 347 | . | ‡avideo file ‡2rdaft | |
| 347 | . | ‡bDVD video | |
| 347 | . | ‡eregion 1 ‡2rdare | |
| 380 | . | ‡aMotion pictures ‡2lcgft | |
| 538 | . | ‡aDVD, region 1; NTSC; wide screen (2.39:1); Dolby Digital 5.1, Dolby Digital 2.0, described video. | |
| 500 | . | ‡aThis video contains strobing lights. | |
| 500 | . | ‡aWide screen (2.39:1). | |
| 546 | . | ‡aEnglish dialogue; Spanish subtitles, English SDH. | |
| 532 | 1 | . | ‡aDescribed video in English |
| 532 | 1 | . | ‡aEnglish subtitles for the deaf and hard of hearing (SDH) |
| 500 | . | ‡aTitle from web page. | |
| 511 | 1 | . | ‡aFrank Grillo, Katrina Law, Ilfenesh Hadera. |
| 508 | . | ‡aOriginal music by The Newton Brothers; edited by Greg Maclennan; cinematography by Branson Cox. | |
| 500 | . | ‡aOriginally released as a motion picture in 2024. | |
| 521 | 8 | . | ‡aMPAA Rating: R; for violence, some gore, and language. |
| 520 | . | ‡aA supermoon event has triggered a latent gene in every human on the planet, turning anyone who entered the moonlight into a werewolf for that one night. | |
| 500 | . | ‡aSpecial features: Deleted scenes. | |
| 650 | 0. | ‡aWerewolves ‡vDrama. | |
| 655 | 7. | ‡aFeature films. ‡2lcgft ‡0(LARL_NWRL_CONSORTIUM)175625 | |
| 655 | 7. | ‡aVideo recordings for the hearing impaired. ‡2lcgft ‡0(LARL_NWRL_CONSORTIUM)175744 | |
| 655 | 7. | ‡aVideo recordings for people with visual disabilities. ‡2lcgft ‡0(LARL_NWRL_CONSORTIUM)175745 | |
| 655 | 7. | ‡aFantasy films. ‡2lcgft ‡0(LARL_NWRL_CONSORTIUM)175666 | |
| 655 | 7. | ‡aAction and adventure films. ‡2lcgft ‡0(LARL_NWRL_CONSORTIUM)175617 | |
| 700 | 1 | . | ‡aCummings, James Michael, ‡efilm producer. |
| 700 | 1 | . | ‡aKennedy, Matthew ‡c(Screenwriter), ‡escreenwriter. ‡1https://id.oclc.org/worldcat/entity/E39PCjxmrtD9rD4xdMJMCqRxjC |
| 700 | 1 | . | ‡aMiller, Steven C., ‡d1981- ‡efilm director. ‡1https://id.oclc.org/worldcat/entity/E39PBJyCCyPpdbyxBYvwc3R3Qq |
| 700 | 1 | . | ‡aGrillo, Frank, ‡d1963- ‡eactor. ‡1https://id.oclc.org/worldcat/entity/E39PBJymyXPhWxcVxJhb4WvmBP |
| 700 | 1 | . | ‡aLaw, Katrina, ‡d1985- ‡eactor. ‡1https://id.oclc.org/worldcat/entity/E39PBJhd8jY8gB34PhY4B8fcyd |
| 700 | 1 | . | ‡aHadera, Ilfenesh, ‡d1985- ‡eactor. |
| 710 | 2 | . | ‡aPimenta Film Co. (Firm), ‡eproduction company. |
| 710 | 2 | . | ‡aMonty the Dog (Firm), ‡eproduction company. |
| 710 | 2 | . | ‡aThe Solution Entertainment Group (Firm), ‡epresenter, ‡eproduction company. |
| 710 | 2 | . | ‡aBriarcliff Entertainment (Firm), ‡epublisher, ‡epresenter. |
| 901 | . | ‡a455912 ‡bOCoLC ‡c455912 ‡tbiblio ‡soclc | |

Add to basket
Permalink
Disable Highlighting